阪急電鉄の列車の行先 - Statistics

General Stats
  • This quiz has been taken 24 times
  • The average score is 31 of 34
Answer Stats
Answer % Correct
高速神戸
100%
伊丹
100%
箕面
100%
京都河原町
100%
大阪梅田
95%
神戸三宮
95%
新開地
95%
今津
95%
宝塚
95%
大阪梅田
95%
川西能勢口
95%
宝塚
95%
石橋阪大前
95%
大阪梅田
95%
高槻市
95%
嵐山
95%
北千里
95%
淡路
95%
西宮北口
90%
西宮北口
90%
甲陽園
90%
豊中
90%
雲雀丘花屋敷
90%
日生中央
90%
茨木市
90%
長岡天神
90%
90%
90%
天神橋筋六丁目
90%
夙川
86%
天下茶屋
86%
塚口
81%
池田
76%
正雀
71%
No matching quizzes found
Score Distribution
Percent of People with Each Score
Percentile by Number Answered
Your Score History
You have not taken this quiz